| 000 | 01880nam0a2200349 4500 | ||
|---|---|---|---|
| 001 | RU\NLR\BIBL_A\022557031 | ||
| 005 | 20260629063130.0 | ||
| 010 |
_a978-5-4437-1499-8 _965 |
||
| 021 |
_aRU _bКН-П-25-021472 _9КН-П-25-2172 |
||
| 035 | _a(NLR Aleph) 022557031 | ||
| 090 |
_a13433938 _c13433938 |
||
| 100 | _a20250603d2024 u y0rusy50 ca | ||
| 101 | 0 | _arus | |
| 102 | _aRU | ||
| 105 | _aa|||j|||000yy | ||
| 181 | 0 |
_ai3 _baxxe |
|
| 182 | 0 | _an | |
| 200 | 1 |
_aОсновы нефтегазопромысловой геологии _eучебно-методическое пособие _fА. Н. Фомин _gМинистерство науки и высшего образования Российской Федерации, Новосибирский государственный университет, Геолого-геофизический факультет |
|
| 203 |
_aТекст _bвизуальный _cнепосредственный |
||
| 210 |
_aНовосибирск _cИПЦ НГУ _d2024 |
||
| 215 |
_a280, [1] с. _cил., цв. ил. _d29 |
||
| 320 | _aБиблиогр.: с. 275-279 | ||
| 606 | 1 |
_aНефтегазопромысловая геология _jУчебно-методические пособия _92080830 _3RU\NLR\AUTH\661256782 |
|
| 606 | 1 |
_aНефть _jУчебно-методические пособия _xДобыча _91080697 _3RU\NLR\AUTH\66422365 |
|
| 606 |
_aЕстественные газы _xДобыча _jУчебно-методические пособия _3RU\NLR\AUTH\66232359 _91319948 |
||
| 686 | 1 | _aД454.1-55я7 | |
| 686 | 1 | _aИ36я7-1 | |
| 700 | 1 |
_aФомин _bА. Н. _cд-р геол.-минерал. наук _gАлександр Николаевич _9142744 _3RU\NLR\AUTH\770142780 |
|
| 942 | _cBOOK | ||
| 980 | _aNB | ||